Rubber technology handbook (Record no. 56775)

MARC details
000 -LEADER
fixed length control field 00418nam a2200121 a 4500
008 - FIXED-LENGTH DATA ELEMENTS--GENERAL INFORMATION
fixed length control field 120416nuuuuuuuuxx |||||||||||||| || u
050 ## - LIBRARY OF CONGRESS CALL NUMBER
Classification number TS 1890 Hof
100 ## - MAIN ENTRY--PERSONAL NAME
Personal name Hofmann, Werner
245 10 - TITLE STATEMENT
Title Rubber technology handbook
260 ## - PUBLICATION, DISTRIBUTION, ETC.
Date of publication, distribution, etc. London
350 ## - PRICE (NR) (BK AM CF MU VM SE) [OBSOLETE]
Price 0.00
995 ## - RECOMMENDATION 995 [LOCAL, UNIMARC FRANCE]
-- 0.00
-- CBU-MAIN LIBRARY (Kitwe)
-- 1
-- 78.00
-- 1
-- AVAILABLE
-- Main Library Open Access Collection
Holdings
Withdrawn status Lost status Source of classification or shelving scheme Damaged status Not for loan Home library Current library Shelving location Date acquired Total Checkouts Full call number Barcode Date last seen Price effective from Koha item type
          CBU-MAIN LIBRARY, KITWE. CBU-MAIN LIBRARY, KITWE.   11/30/2022   TS 1890 Hof 017253 11/30/2022 11/30/2022 MONOGRAPH